书目信息 |
| 题名: |
十二届全国人大一次会议《政府工作报告》学习问答
|
|
| 作者: | ;国务院研究室 编 | |
| 分册: | ||
| 出版信息: | 北京 中国言实出版社 2013.03 |
|
| 页数: | 365页 | |
| 开本: | 21cm | |
| 丛书名: | ||
| 单 册: | ||
| 中图分类: | D623 | |
| 科图分类: | ||
| 主题词: | 政府工作报告 | |
| 电子资源: | ||
| ISBN: | 978-7-5171-0106-2 | |
| 000 | 00990nam0 2200277 450 | |
| 001 | 005909405 | |
| 005 | 20130608104620.70 | |
| 010 | @a978-7-5171-0106-2@dCNY28.00 | |
| 035 | @a(A330000ZJL)012011182315 | |
| 100 | @a20130513d2013 em y0chiy0110 ea | |
| 101 | 0 | @achi |
| 102 | @aCN@b110000 | |
| 105 | @ay z 000yy | |
| 106 | @ar | |
| 200 | 1 | @a十二届全国人大一次会议《政府工作报告》学习问答@9shi er jie quan guo ren da yi ci hui yi《zheng fu gong zuo bao gao》xue xi wen da@e2013@f国务院研究室编写组[编] |
| 210 | @a北京@c中国言实出版社@d2013.03 | |
| 215 | @a365页@d21cm | |
| 330 | @a本书收录了《政府工作报告》全文,并对报告主要内容作了深入浅出、通俗易懂的解读。 | |
| 333 | @a人大代表政府工作报告研究人员 | |
| 601 | 02 | @a全国人民代表大会@x政府工作报告@y中国@z2013@j学习参考资料 |
| 601 | 02 | @a全国人民代表大会 |
| 606 | 0 | @a政府工作报告 |
| 690 | @aD623@v5 | |
| 711 | 02 | @a国务院研究室@9guo wu yuan yan jiu shi@b编写组@4编 |
| 801 | 0 | @aCN@b人天书店@c20130513 |
| 905 | @dD623@e52 | |
| 十二届全国人大一次会议《政府工作报告》学习问答:2013/国务院研究室编写组[编].-北京:中国言实出版社,2013.03 |
| 365页;21cm |
| 使用对象:人大代表政府工作报告研究人员 |
| ISBN 978-7-5171-0106-2:CNY28.00 |
| 本书收录了《政府工作报告》全文,并对报告主要内容作了深入浅出、通俗易懂的解读。 |
| ● |
| 相关链接 |
|
|
|
|
正题名:十二届全国人大一次会议《政府工作报告》学习问答
索取号:D623/52
 
预约/预借
| 序号 | 登录号 | 条形码 | 馆藏地/架位号 | 状态 | 备注 |
| 1 | 0543655 | 205436553 | 第一样本阅览室/ [索取号:D623/52] | 在馆 | |
| 2 | 0543656 | 205436562 | 密集书库-史法系/ [索取号:D623/52] | 在馆 | |
| 3 | 0543657 | 205436571 | 第一借阅区/ [索取号:D623/52] | 在馆 | |
| 4 | 0543658 | 205436580 | 第一借阅区/ [索取号:D623/52] | 在馆 | |
| 5 | 0543659 | 205436599 | 第一借阅区/ [索取号:D623/52] | 在馆 |